|
|
|
|
| LEADER |
00000naa2a2200000 4500 |
| 001 |
386429 |
| 005 |
20231101063457.0 |
| 035 |
|
|
|a (RuTPU)RU\TPU\prd\15199
|
| 090 |
|
|
|a 386429
|
| 100 |
|
|
|a 20030617a2003 k y0rusy50 ca
|
| 101 |
0 |
|
|a rus
|
| 102 |
|
|
|a RU
|
| 200 |
1 |
|
|a О дипломном проектировании по специальности "Безопасность жизнедеятельности в техносфере"
|f Г. В. Попов, К. В. Чернов
|
| 225 |
1 |
|
|a Образование
|
| 320 |
|
|
|a Библиогр.: 5 назв.
|
| 461 |
|
1 |
|0 (RuTPU)RU\TPU\prd\1137
|t Безопасность жизнедеятельности
|o научно-практический и учебно-методический журнал
|d 2001-
|
| 463 |
|
1 |
|0 (RuTPU)RU\TPU\prd\15054
|t № 5
|v С. 31-33
|d 2003
|
| 610 |
1 |
|
|a образование
|
| 610 |
1 |
|
|a специальности
|
| 610 |
1 |
|
|a техногенная безопасность
|
| 610 |
1 |
|
|a дипломное проектирование
|
| 610 |
1 |
|
|a безопасность жизнедеятельности
|
| 610 |
1 |
|
|a техносфера
|
| 675 |
|
|
|a 614.8
|v 3
|
| 700 |
|
1 |
|a Попов
|b Г. В.
|
| 701 |
|
1 |
|a Чернов
|b К. В.
|
| 801 |
|
1 |
|a RU
|b 63413507
|c 20030617
|g PSBO
|
| 942 |
|
|
|c BK
|